| 000 | 00571nam a22001817a 4500 | ||
|---|---|---|---|
| 999 |
_c329495 _d329495 |
||
| 003 | NUST | ||
| 005 | 20170510121443.0 | ||
| 008 | 150811b xxu||||| |||| 00| 0 eng d | ||
| 020 | _a047107392x | ||
| 040 | _c0 | ||
| 082 | _a530.475 BIR | ||
| 100 |
_95087 _a Bird, R. Byron |
||
| 245 |
_a Transport Phenomena _c Byron, Bird, R |
||
| 260 |
_cc 1960 _aNew York _bJohn Wiley |
||
| 300 | _a780p. | ||
| 500 | _aH.B | ||
| 650 |
_95089 _aTransport theory _x- |
||
| 942 |
_2ddc _cBK _k530.475 BIR |
||